000 00547cam a22001457a 4500
008 180718b1967 xxu||||| |||| 00| 0 eng d
082 _aR23x5442 M264 O
100 _aMadhya Pradesh. Minimum Wages Committee for Employment in Oil Mills
245 _aReport of the Minimum Wages Committee for Employment in Oil Mills in the state of Madhya Pradesh
_cby Labour Department
260 _aIndore
_bThe author
_c1967
300 _a26p.
500 _aChairman: D.D. Verma
700 _aMadhya Pradesh. Labour Department
700 _aVerma, D.D., Chairman
999 _c489598
_d489598